000 00697nam a2200241Ia 4500
003 GCL
008 140319s9999 xx 000 0 ara d
040 _aGCL /
_cGCL
082 0 4 _a320.5
_bع ا
100 1 _aعبدالله العروى
245 1 0 _aالايديولوجية العربية المعاصرة /
_cعبدالله العروى
700 1 _aرودنسون، مكسيم
700 1 _aمحمد عيتاني
300 _a298
490 _aكتاب
_v0
650 0 4 _aالماركسية
650 0 4 _aالشيوعية
650 0 4 _aالليبرالية
650 0 4 _aالانا
650 0 4 _aالانا والذات
650 0 4 _aالايديولوجيا
942 _2ddc
_cBK
999 _c41809
_d41809